The Islamic guide to developing ESQ emotional spiritual quotient

Bibliographic Details
Main Author: Augustian, Ary Ginanjar Augustian
Other Authors: Dyah Utami Aryanti
Format: Book
Language:Malay
Published: Jakarta : Arga Publishing , 2005
Subjects:

MARC

LEADER 00000cam a2200000 7i4500
001 0000018945
005 20090312.0
008 090311s io a may
020 |a 9799754240 ,   |c RM138.00 
040 |a INS 
090 0 0 |a BF576   |b A48 2005 
100 0 |a Augustian, Ary Ginanjar Augustian 
245 1 4 |a The Islamic guide to developing ESQ emotional spiritual quotient   |c Ary Ginanjar Augustian ; editor Dyah Utami Aryanti 
260 |a Jakarta :   |b Arga Publishing ,   |c 2005 
300 |a xxii, 423p. :   |b ill. ;   |c 24cm. 
500 |a Includes index 
650 0 |a Emotional intelligence   |x Religious aspects   |x Islam 
650 0 |a Psychology   |x Religious aspects   |x Islam 
650 0 |a Success   |x Psychological aspects 
650 0 |a Theological anthropology   |x Islam   |x Psychological aspects 
700 0 |a Dyah Utami Aryanti 
999 |a 0000020635   |b BOOK   |c Open Shelf   |e Default branch